000
00246nam a2200109Ia 4500
008
190216s9999||||xx |||||||||||||| ||und||
100
_a
Rajan K R
245
0
_a
Chandrane Kandethal
260
_b
Bhasha Institute
650
_a
Physics
942
_c
BK
999
_c
39818
_d
39818